[Event "OMA-ch"]
[Site "Muscat"]
[Date "2022.02.16"]
[Round "8"]
[White "Al Masheki, Abdislam"]
[Black "Al Busafi, Khalid"]
[Result "1-0"]
[WhiteElo "1663"]
[BlackElo "1603"]
[PlyCount "158"]
[EventDate "2022.02.10"]
[EventType "swiss"]
[EventRounds "9"]
[EventCountry "OMN"]
[SourceTitle "EXT 2023"]
[Source "ChessBase"]
[SourceDate "2022.10.05"]
[SourceVersion "1"]
[SourceVersionDate "2022.10.05"]
[SourceQuality "1"]

1. e4 c5 2. Nf3 g6 3. d4 cxd4 4. Nxd4 Bg7 5. Nc3 Nc6 6. Nb3 Nf6 7. Be3 a6 8. f3 d6 9. Qd2 b5 10. Bh6 Bxh6 11. Qxh6 Bb7 12. 0-0-0 Rc8 13. Kb1 Qc7 14. Bd3 Ne5 15. Qd2 b4 16. Ne2 a5 17. Nbd4 Nc4 18. Bxc4 Qxc4 19. Qd3 Qc5 20. Nb3 Qc7 21. Qb5+ Nd7 22. Rd2 Ra8 23. Nf4 0-0 24. h4 a4 25. Nc1 b3 26. cxb3 axb3 27. Qxb3 Rfb8 28. Nfd3 Qa5 29. Qc3 Qxc3 30. bxc3 Bxe4+ 31. Rb2 Bd5 32. Nb4 Be6 33. Nc6 Rxb2+ 34. Kxb2 Kf8 35. Nd4 Bc4 36. Ncb3 Ne5 37. Nc1 Rb8+ 38. Ndb3 h5 39. Rd1 Kg7 40. Rd4 d5 41. Kc2 e6 42. a4 Bf1 43. Rd2 Nc4 44. Rf2 Ne3+ 45. Kd2 Nc4+ 46. Ke1 Bd3 47. Ra2 Nd6 48. Nxd3 Rxb3 49. Kd2 Nc4+ 50. Kc2 Rb8 51. a5 Ne3+ 52. Kc1 Nc4 53. a6 Ra8 54. a7 Nb6 55. Nb4 Nc8 56. Nc6 Kf8 57. Rb2 Nxa7 58. Ra2 Rc8 59. Nxa7 Rxc3+ 60. Rc2 Ra3 61. Nb5 Rb3 62. Nc3 Ke7 63. Kd2 Kf6 64. Ke2 Kf5 65. Nd1 d4 66. Nf2 e5 67. Nd3 Ra3 68. Kd2 Ra1 69. Ke2 Ra3 70. Rd2 f6 71. Kf2 Rb3 72. Nc5 Rc3 73. Ne4 Rc6 74. Rb2 Ra6 75. Rc2 Rb6 76. Re2 Rc6 77. Rb2 Kf4 78. Ng3 f5 79. Nxh5+ gxh5 1-0

[Event "OMA-ch"]
[Site "Muscat"]
[Date "2022.02.15"]
[Round "7"]
[White "Al Kathiri, Mana"]
[Black "Al Masheki, Abdislam"]
[Result "1-0"]
[WhiteElo "1528"]
[BlackElo "1663"]
[PlyCount "93"]
[EventDate "2022.02.10"]
[EventType "swiss"]
[EventRounds "9"]
[EventCountry "OMN"]
[SourceTitle "EXT 2023"]
[Source "ChessBase"]
[SourceDate "2022.10.05"]
[SourceVersion "1"]
[SourceVersionDate "2022.10.05"]
[SourceQuality "1"]

1. d4 Nf6 2. Bf4 e6 3. Nf3 c5 4. e3 cxd4 5. exd4 d5 6. c3 a6 7. Bd3 h6 8. Nbd2 Nc6 9. 0-0 Bd6 10. Bxd6 Qxd6 11. Re1 Qc7 12. h3 g5 13. Ne5 Nxe5 14. Rxe5 Rg8 15. g3 g4 16. h4 Qe7 17. Qb3 Nd7 18. Re3 b5 19. a4 bxa4 20. Qxa4 Kf8 21. Qc6 Rb8 22. b4 Kg7 23. Qxd5 Bb7 24. Qh5 Nf6 25. Qe5 Rgd8 26. Ne4 Rbc8 27. c4 Bxe4 28. Rxe4 h5 29. Rf4 Rb8 30. Qg5+ Kf8 31. Rxf6 Rxd4 32. Bg6 Ke8 33. Bxf7+ Kd8 34. Qa5+ Qc7 35. Qg5 Qe7 36. Qe5 Qd6 37. Qxd6+ Rxd6 38. Rxe6 Rxe6 39. Bxe6 Ke7 40. Bd5 Rxb4 41. Rxa6 Kf8 42. Rh6 Kg7 43. Rxh5 Kg6 44. Rg5+ Kh6 45. Rxg4 Kh5 46. Rg8 Rb8 47. Rxb8 1-0

[Event "OMA-ch"]
[Site "Muscat"]
[Date "2022.02.14"]
[Round "6"]
[White "Al Masheki, Abdislam"]
[Black "Al Mamari, Ali Abdullah"]
[Result "1-0"]
[WhiteElo "1663"]
[BlackElo "1545"]
[PlyCount "109"]
[EventDate "2022.02.10"]
[EventType "swiss"]
[EventRounds "9"]
[EventCountry "OMN"]
[SourceTitle "EXT 2023"]
[Source "ChessBase"]
[SourceDate "2022.10.05"]
[SourceVersion "1"]
[SourceVersionDate "2022.10.05"]
[SourceQuality "1"]

1. e4 c5 2. Nf3 Nc6 3. b4 cxb4 4. d4 d5 5. exd5 Qxd5 6. c4 bxc3 7. Nxc3 Qa5 8. d5 Bg4 9. Bd2 Ne5 10. Nxe5 Bxd1 11. Bb5+ Kd8 12. Nxf7+ Kc8 13. Rc1 Bh5 14. Ne4+ Qc7 15. Rxc7+ Kxc7 16. Nxh8 a6 17. Be2 Be8 18. Ng5 Nf6 19. Ne6+ Kd6 20. Nxf8 Bh5 21. Ne6 Rxh8 22. Bb4+ Kd7 23. Bxh5 Nxh5 24. Ke2 Nf6 25. Rd1 Nxd5 26. Rxd5+ Kxe6 27. Rd3 Re8 28. Bc3 g6 29. Bd2 Rc8 30. Rc3 Rb8 31. Rc7 Kd6 32. Rc3 Kd7 33. Rh3 h5 34. Rg3 Rg8 35. Rb3 b5 36. Bb4 Rc8 37. Rc3 Re8 38. Ke3 Ra8 39. Ba5 Ke6 40. Rc7 Kd6 41. Rb7 Ke6 42. Bb4 a5 43. Bxe7 Re8 44. Ba3 b4 45. Bb2 Kd5+ 46. Kd3 Kc6 47. Rg7 Re6 48. Kc4 Re4+ 49. Bd4 Rg4 50. g3 h4 51. Ra7 hxg3 52. hxg3 Rg5 53. Ra6+ Kb7 54. Rb6+ Kc7 55. Rb5 1-0

[Event "OMA-chT"]
[Site "Muscat"]
[Date "2020.01.29"]
[Round "6.7"]
[White "Al Masheki, Abdislam"]
[Black "Musallam Salim, Al Aamri"]
[Result "0-1"]
[WhiteElo "1666"]
[BlackElo "1726"]
[PlyCount "98"]
[EventDate "2020.01.25"]
[EventType "team-swiss"]
[EventRounds "9"]
[EventCountry "OMN"]
[SourceTitle "CBM 194 Extra"]
[Source "ChessBase"]
[SourceDate "2020.03.31"]
[SourceVersion "1"]
[SourceVersionDate "2020.03.31"]
[SourceQuality "1"]

1. e4 c6 2. d4 d5 3. Nc3 dxe4 4. Nxe4 Bf5 5. Ng3 Bg6 6. Nf3 Nd7 7. h4 h6 8. h5 Bh7 9. Bd3 Bxd3 10. Qxd3 e6 11. c3 Ngf6 12. Ng1 Bd6 13. N1e2 Qc7 14. Be3 a5 15. Ne4 Nxe4 16. Qxe4 Nf6 17. Qf3 a4 18. g4 Nd5 19. Rg1 Nxe3 20. Qxe3 Be7 21. f4 0-0-0 22. 0-0-0 a3 23. b3 Qa5 24. Qe5 Qa6 25. Qe4 Qa5 26. Kc2 Bf6 27. Nc1 c5 28. Ne2 cxd4 29. Nxd4 Kb8 30. Ne2 Rc8 31. Rd3 Rc7 32. Rgg3 Rhc8 33. Qh1 e5 34. f5 Bg5 35. Qe4 f6 36. Qa4 Qc5 37. Qe4 Qf2 38. Rg1 Qb6 39. Rgd1 Qa5 40. Qd5 Qb4 41. Kb1 Qxg4 42. Qf3 Qxf3 43. Rxf3 Rc6 44. Rfd3 Ka7 45. b4 Rc4 46. Rd7 Re4 47. Nc1 Rxc3 48. Nb3 Rxb4 49. R1d5 Rc1# 0-1

[Event "OMA-chT"]
[Site "Muscat"]
[Date "2020.01.28"]
[Round "5.3"]
[White "Qatan, Said Mahad"]
[Black "Al Masheki, Abdislam"]
[Result "1-0"]
[WhiteElo "1629"]
[BlackElo "1666"]
[PlyCount "23"]
[EventDate "2020.01.25"]
[EventType "team-swiss"]
[EventRounds "9"]
[EventCountry "OMN"]
[SourceTitle "CBM 194 Extra"]
[Source "ChessBase"]
[SourceDate "2020.03.31"]
[SourceVersion "1"]
[SourceVersionDate "2020.03.31"]
[SourceQuality "1"]

1. e4 e6 2. Nf3 d5 3. e5 c5 4. c3 Nc6 5. Bb5 Bd7 6. d4 h6 7. h3 Qb6 8. Bxc6 Bxc6 9. 0-0 cxd4 10. Nxd4 Qc7 11. f4 g6 12. b4 1-0

[Event "OMA-chT"]
[Site "Muscat"]
[Date "2019.07.10"]
[Round "2.2"]
[White "Al Masheki, Abdislam"]
[Black "Al Farsi, Aziz"]
[Result "1/2-1/2"]
[WhiteElo "1705"]
[BlackElo "1493"]
[PlyCount "87"]
[EventDate "2019.07.09"]
[EventType "team-swiss"]
[EventRounds "9"]
[EventCountry "OMN"]
[SourceTitle "EXT 2020"]
[Source "ChessBase"]
[SourceDate "2019.10.17"]
[SourceVersion "1"]
[SourceVersionDate "2019.10.17"]
[SourceQuality "1"]
[WhiteTeam "Salalah White"]
[BlackTeam "Ibri"]
[WhiteTeamCountry "OMN"]
[BlackTeamCountry "OMN"]

1. e4 c5 2. Nf3 Nc6 3. d4 cxd4 4. Nxd4 g6 5. Bc4 Nf6 6. Nxc6 bxc6 7. Nc3 d6 8. e5 Ng4 9. e6 Ne5 10. exf7+ Nxf7 11. Bxf7+ Kxf7 12. Qf3+ Ke8 13. Qxc6+ Bd7 14. Qf3 Bg7 15. 0-0 Rf8 16. Qd5 Rc8 17. Re1 Rxc3 18. bxc3 Bxc3 19. Bg5 Bxa1 20. Rxa1 Rf7 21. Re1 Kf8 22. Qxd6 exd6 23. Bxd8 d5 24. Bg5 a6 25. Bh6+ Kg8 26. f4 Bb5 27. Re5 Rd7 28. c3 Kf7 29. Bg5 Bc4 30. a3 Rb7 31. h3 Kg7 32. Re7+ Rxe7 33. Bxe7 Kf7 34. Bc5 Ke6 35. Kf2 h5 36. g4 hxg4 37. hxg4 Kf7 38. Kg3 Kf6 39. Bd4+ Kf7 40. Kh4 Bd3 41. Kg5 Be4 42. c4 dxc4 43. f5 gxf5 44. gxf5 1/2-1/2

[Event "Muscat rapid 3rd"]
[Site "Muscat"]
[Date "2019.02.01"]
[Round "6"]
[White "Al Masheki, Abdislam"]
[Black "Al Dahmani, Zayid"]
[Result "1-0"]
[WhiteElo "1716"]
[BlackElo "1479"]
[PlyCount "93"]
[EventDate "2019.01.31"]
[EventType "swiss (rapid)"]
[EventRounds "9"]
[EventCountry "OMN"]
[SourceTitle "EXT 2020"]
[Source "ChessBase"]
[SourceDate "2019.10.17"]
[SourceVersion "1"]
[SourceVersionDate "2019.10.17"]
[SourceQuality "1"]

1. e4 b6 2. d4 Bb7 3. Nc3 h6 4. Bc4 e6 5. d5 Nf6 6. dxe6 dxe6 7. Qxd8+ Kxd8 8. f3 Nc6 9. Nge2 Bb4 10. Bd2 Ke7 11. a3 Bxc3 12. Bxc3 Rhd8 13. Kf2 e5 14. Rad1 Rxd1 15. Rxd1 Rd8 16. Rxd8 Kxd8 17. Nc1 Nd7 18. Bxf7 Nd4 19. Bxd4 exd4 20. Ne2 c5 21. Ng3 Ke7 22. Bb3 b5 23. Nf5+ Kf6 24. Nd6 Bc6 25. c4 bxc4 26. Nxc4 Ne5 27. Nxe5 Kxe5 28. Bc4 a5 29. g3 g5 30. Ke2 h5 31. Kd3 h4 32. Ba6 Ba4 33. Kd2 Bb3 34. Be2 c4 35. Bd1 Ba2 36. Bc2 d3 37. Bd1 Kd4 38. gxh4 gxh4 39. h3 Ke5 40. Ke3 Kf6 41. f4 Ke6 42. Kd2 Kd6 43. Kc3 Ke6 44. b3 cxb3 45. Bxb3+ Bxb3 46. Kxb3 a4+ 47. Kc3 1-0